Невские просторы: стихи

Bibliografski detalji
Daljnji autori: Максимов В. Г. Виктор Григорьевич (составитель)
Jezik:ruski
Izdano: Ленинград, Лениздат, 1986
Teme:
Format: MixedMaterials Knjiga
KOHA link:https://koha.lib.tpu.ru/cgi-bin/koha/opac-detail.pl?biblionumber=166948

MARC

LEADER 00000nam0a2200000 4500
001 166948
005 20231031162625.0
020 |a RU  |b 87-2299 
035 |a (RuTPU)RU\TPU\book\181082 
090 |a 166948 
100 |a 20091009d1986 m y0rusy5003 ca 
101 0 |a rus 
102 |a RU 
105 |a a z 000gy 
200 1 |a Невские просторы  |e стихи   |f сост. В. Г. Максимов 
210 |a Ленинград  |c Лениздат  |d 1986 
215 |a 333,[1] с.  |c ил.  |d 18 см 
610 1 |a поэзия 
610 1 |a стихи 
610 1 |a Ленинград 
610 1 |a ленинградцы 
675 |a Р2  |z rus 
702 1 |a Максимов  |b В. Г.  |g Виктор Григорьевич  |4 220 
801 0 |a RU  |b RuMRKP  |c 19950417  |g psbo 
801 1 |a RU  |b 63413507  |c 20091009 
801 2 |a RU  |b 63413507  |c 20170516  |g RCR 
942 |c BK